00430nam a2200133Ia 4500003000900000008004100009040003300050041000800083080001200091245009700103246004600200260003400246300001600280LK-CoDNM010623t1986 xxu||||| |||| 00| 1 sin d aLK-CoDNMdLK-CoDNMeLK-CoDNM asin a23 PBOX aසුභ අස්න ශුද්ධවර මාක් තුමන් විසිනි aSubha Asna Shuddhavara Mark Thuman Visini bSri Lanka Bibal Societyc1986 b39p., 18 cm